| 000 | 00418nam a22001457a 4500 | ||
|---|---|---|---|
| 005 | 20150513114913.0 | ||
| 008 | 150513b xxu||||| |||| 00| 0 eng d | ||
| 040 | _cPK-LaUMT | ||
| 082 |
_aKHC 306.697 _bZAF-M |
||
| 100 | _aظفر علی خان | ||
| 245 |
_aملت بیضا پر ایک عمرانی نظر _cظفر علی خان |
||
| 260 |
_aلاہور _bمکتبہ عالیہ _c[N.D] |
||
| 300 | _a28 ص | ||
| 942 | _cBK | ||
| 999 |
_c71084 _d71084 |
||